Skład FC Barcelony w La Liga 2023/24 - Statystyki

Ogólne statystyki
  • Ten quiz został rozwiązany 1 403 razy
  • Średni wynik to 15 z 20
Statystyki odpowiedzi
Numer Zawodnik % Poprawnych
9 Robert Lewandowski
98%
1 Marc-Andre ter Stegen
97%
8 Pedri
94%
6 Gavi
93%
4 Ronald Araujo
89%
27 Lamine Yamal
84%
23 Jules Kounde
81%
7 Ferran Torres
80%
3 Alejandro Balde
77%
21 Frenkie de Jong
77%
11 Raphinha
75%
2 Joao Cancelo
69%
13 Inaki Pena
68%
15 Andreas Christensen
67%
14 Joao Felix
67%
22 Ilkay Gundogan
66%
5 Inigo Martinez
59%
18 Oriol Romeu
56%
20 Sergi Roberto
56%
17 Marcos Alonso
42%
Nie znaleziono quizów pasujących do podanych kryteriów
Rozkład punktacji
Procent ludzi z każdym wynikiem
Percentyl według liczby udzielonych odpowiedzi
Twoja historia wyników
Nie rozwiązałeś tego quizu